100 taktycznych zasad sprzedaży : jak skutecznie sprzedawać w XXI wieku /
Đã lưu trong:
| Tác giả chính: | |
|---|---|
| Định dạng: | Sách |
| Ngôn ngữ: | Tiếng Ba Lan |
| Được phát hành: |
Częstochowa :
Karol Froń SMC 24,
2017.
|
| Những chủ đề: | |
| Các nhãn: |
Không có thẻ, Là người đầu tiên thẻ bản ghi này!
|
MARC
| LEADER | 00000cam a2200000 i 4500 | ||
|---|---|---|---|
| 001 | 9912135470205606 | ||
| 005 | 20260515100513.0 | ||
| 008 | 171009s2017 pl f |000 0 pol c | ||
| 009 | b0000050631968 | ||
| 020 | |a 9788365809001 | ||
| 035 | |a UM2597489-48omnis_network | ||
| 035 | |a xx004136053 | ||
| 035 | |a (PL)b0000050631968 | ||
| 040 | |a TOR U |c TOR U | ||
| 100 | 1 | |a Froń, Karol | |
| 245 | 1 | 0 | |a 100 taktycznych zasad sprzedaży : |b jak skutecznie sprzedawać w XXI wieku / |c Karol Froń. |
| 246 | 3 | |a Sto taktycznych zasad sprzedaży | |
| 260 | |a Częstochowa : |b Karol Froń SMC 24, |c 2017. | ||
| 300 | |a 302, [2] s. ; |c 22 cm. | ||
| 336 | |a Tekst |b txt |2 rdacontent | ||
| 337 | |a Bez urządzenia pośredniczącego |b n |2 rdamedia | ||
| 338 | |a Wolumin |b nc |2 rdacarrier | ||
| 380 | |a Książki | ||
| 500 | |a Na okł.: Biblioteka XXI wieku. | ||
| 650 | |a Sprzedaż |v poradniki. | ||
| 650 | |a Relacje z klientami |v poradniki. | ||
| 942 | |2 ddc |c BK |n 0 | ||
| 952 | |0 0 |1 0 |2 ddc |4 0 |6 W__17_000000000000000 |7 0 |9 11 |a WRO |b WRO |d 2026-04-10 |e da |g 10.00 |i WRO-017 |l 1 |o W.17 |p 2000100000175 |r 2026-04-16 07:30:17 |s 2026-04-16 |v 10.00 |w 2026-04-10 |y BK | ||
| 999 | |c 11 |d 11 | ||